Institutional investors statistical yearbook

Gespeichert in:
Bibliographische Detailangaben
Format: Buch
Sprache:Englisch
Französisch
Veröffentlicht: Paris OECD 2001
Schriftenreihe:Statistics
Schlagworte:
Tags: Tag hinzufügen
Keine Tags, Fügen Sie das erste Tag hinzu!

MARC

LEADER 00000nam a2200000 4500
001 c130823
005 20240422122146.0
020 |a 92-64-09700-7 
041 0 |a eng 
041 0 |a fre 
044 |a FR 
245 1 0 |a Institutional investors  |b statistical yearbook 
264 1 |a Paris  |b OECD  |c 2001 
300 |a 288 s. 
490 1 |a Statistics 
830 0 |a Statistics 
610 2 0 |a investori 
610 2 0 |a investovanie 
610 2 0 |a inštitúcia 
610 2 0 |a porovnanie štatistické medzinárodné 
610 2 0 |a poistenie 
610 2 0 |a spoločnosti investičné 
610 2 0 |a fondy penzijné 
610 2 0 |a trh finančný 
610 2 0 |a úspory 
610 2 0 |a údaje štatistické medzinárodné 
610 2 0 |a tabuľky štatistické